KOHA-Header-6

Business ethics : (Record no. 12873)

000 -LEADER
fixed length control field 00973cam a2200277 a 4500
001 - CONTROL NUMBER
control field 16459438
003 - CONTROL NUMBER IDENTIFIER
control field MAJU-Karachi
005 - DATE AND TIME OF LATEST TRANSACTION
control field 20201222102727.0
008 - FIXED-LENGTH DATA ELEMENTS--GENERAL INFORMATION
fixed length control field 100915s2010 ii a b 001 0 eng
010 ## - LIBRARY OF CONGRESS CONTROL NUMBER
LC control number 2010285661
020 ## - INTERNATIONAL STANDARD BOOK NUMBER
International Standard Book Number 9780195699647
020 ## - INTERNATIONAL STANDARD BOOK NUMBER
International Standard Book Number 0195699645
040 ## - CATALOGING SOURCE
Original cataloging agency DLC
Transcribing agency DLC
Modifying agency DLC
042 ## - AUTHENTICATION CODE
Authentication code pcc
050 00 - LIBRARY OF CONGRESS CALL NUMBER
Classification number HF5387
Item number .A578 2010
100 1# - MAIN ENTRY--PERSONAL NAME
Personal name Albuquerque, Daniel.
245 10 - TITLE STATEMENT
Title Business ethics :
Remainder of title principles and practices /
Statement of responsibility, etc Daniel Albuquerque.
260 ## - PUBLICATION, DISTRIBUTION, ETC. (IMPRINT)
Place of publication, distribution, etc New Delhi ;
-- New York :
Name of publisher, distributor, etc Oxford University Press,
Date of publication, distribution, etc 2010.
300 ## - PHYSICAL DESCRIPTION
Extent xvii, 597 p. :
Other physical details ill. ;
Dimensions 24 cm.
504 ## - BIBLIOGRAPHY, ETC. NOTE
Bibliography, etc Includes bibliographical references and index.
650 #0 - SUBJECT ADDED ENTRY--TOPICAL TERM
Topical term or geographic name as entry element Business ethics.
856 42 - ELECTRONIC LOCATION AND ACCESS
Materials specified Publisher description
Uniform Resource Identifier <a href="http://www.loc.gov/catdir/enhancements/fy1102/2010285661-d.html">http://www.loc.gov/catdir/enhancements/fy1102/2010285661-d.html</a>
906 ## - LOCAL DATA ELEMENT F, LDF (RLIN)
a 7
b cbc
c origres
d 2
e ncip
f 20
g y-gencatlg
942 ## - ADDED ENTRY ELEMENTS (KOHA)
Source of classification or shelving scheme
Koha item type Business
Holdings
Withdrawn status Lost status Source of classification or shelving scheme Damaged status Not for loan Collection code Permanent Location Current Location Shelving location Date acquired Full call number Barcode Date last seen Price effective from Koha item type
&nbsp; &nbsp; &nbsp; &nbsp; &nbsp; Business MAJU MAJU &nbsp; 2020-12-22 174.4 10006 2020-12-22 2020-12-22 Business

Powered by Koha